MARC

LEADER 00000nam0a2200000 4500
001 274259
005 20231101234718.0
020 |a RU  |b 85-70237 
035 |a (RuTPU)RU\TPU\book\297469 
090 |a 274259 
100 |a 20141101d1985 m y0rusy5003 ca 
101 0 |a rus 
102 |a MD 
105 |a a z 000zy 
200 1 |a Ремонт квартиры своими силами  |f А. М. Шепелев 
205 |a 7-е изд. 
210 |a Кишинев  |c Тимпул  |d 1985 
215 |a 368 с.  |c ил. 
606 1 |a Жилые помещения  |x Ремонт  |2 stltpush  |3 (RuTPU)RU\TPU\subj\11116  |9 38101 
610 1 |a ремонтные работы 
610 1 |a выполнение 
610 1 |a способы 
610 1 |a инструменты 
610 1 |a материалы 
610 1 |a растворы 
675 |a 69.059.25  |z rus  |v 3 
700 1 |a Шепелев  |b А. М.  |g Александр Михайлович  |4 070 
801 0 |a RU  |b RuMRKP  |c 19950704  |g psbo 
801 1 |a RU  |b 63413507  |c 20141101 
801 2 |a RU  |b 63413507  |c 20170323  |g RCR 
942 |c BK